00616 a2200169 4500003000500000005001700005040000900022082001000031100003500041245010900076260003200185300001500217505015800232538002900390650001600419651001100435Nust20170207153203.0 cNust a005.1 aTufail, Maj Muhammad (MSCS-2) aRationalization of knowledge representation in post operative expert medical systemcMaj Muhammad Tufail aRawalpindibMCS, NUSTc1999 avii, 74 p. aIntroduction (page-1), Background (page-5), Conceptualization (page-28), Implementation of POEMS in CLOS (page-52), Conclusion and future work (page-69). aAlmirah No 73 Shelf No 1 aMSCS Thesis aMSCS-2